000 00590nam a2200217Ia 4500
003 OSt
005 20220928141928.0
006 a|||||r|||| 00| 0
007 ta
008 220927b |||||||| |||| 00| 0 eng d
024 _a18359
037 _cTextual
040 _aSDCL
_cSDCL
_beng
041 _2eng
_aeng
082 _aO15:gxE, M2
100 _aSharma Sulekhchandra
_9502686
245 0 _aBhattanayaka aura Abhinavagupta ki sadharanikarana visayaka avdharna.
260 _c1982
942 _hO15:gxE, M2
_cTEXL
_2CC
999 _c820603
_d820603